ARRUPE JESUIT UNIVERSITY

CORONAVIRUS -STOP THE SPREAD - CLEAN,DISINFECT,COVER

Globalization and firm competitiveness in the Middle East and North Africa region / (Record no. 127819)

MARC details
000 -LEADER
fixed length control field 01170cam a2200313 a 4500
001 - CONTROL NUMBER
control field 12937857
003 - CONTROL NUMBER IDENTIFIER
control field ARRUPE
005 - DATE AND TIME OF LATEST TRANSACTION
control field 20180328095606.0
008 - FIXED-LENGTH DATA ELEMENTS--GENERAL INFORMATION
fixed length control field 020412s2002 dcua b 001 0 eng d
010 ## - LIBRARY OF CONGRESS CONTROL NUMBER
LC control number 2002449237
020 ## - INTERNATIONAL STANDARD BOOK NUMBER
International Standard Book Number 0821349899
035 ## - SYSTEM CONTROL NUMBER
System control number (OCoLC)ocm49640053
040 ## - CATALOGING SOURCE
Original cataloging agency UKM
Transcribing agency UKM
Modifying agency FUG
-- DLC
042 ## - AUTHENTICATION CODE
Authentication code lccopycat
043 ## - GEOGRAPHIC AREA CODE
Geographic area code aw-----
-- ff-----
050 00 - LIBRARY OF CONGRESS CALL NUMBER
Classification number HF1414
Item number .G572 2002
082 04 - DEWEY DECIMAL CLASSIFICATION NUMBER
Classification number 338.60480956
Edition number 21
300 ## - PHYSICAL DESCRIPTION
Other physical details ill. ;
Dimensions 24 cm.
245 00 - TITLE STATEMENT
Title Globalization and firm competitiveness in the Middle East and North Africa region /
Statement of responsibility, etc Edited by Samiha Fawzy
260 ## - PUBLICATION, DISTRIBUTION, ETC. (IMPRINT)
Place of publication, distribution, etc Washington, D.C. :
Name of publisher, distributor, etc World Bank,
Date of publication, distribution, etc 2002.
300 ## - PHYSICAL DESCRIPTION
Extent xviii, 278 p. :
504 ## - BIBLIOGRAPHY, ETC. NOTE
Bibliography, etc Includes bibliographical references and index.
650 #0 - SUBJECT ADDED ENTRY--TOPICAL TERM
Topical term or geographic name as entry element Competition
Geographic subdivision Middle East.
9 (RLIN) 41118
650 #0 - SUBJECT ADDED ENTRY--TOPICAL TERM
Topical term or geographic name as entry element Competition
Geographic subdivision Africa, North.
9 (RLIN) 41119
650 #0 - SUBJECT ADDED ENTRY--TOPICAL TERM
Topical term or geographic name as entry element Globalization.
9 (RLIN) 4951
700 1# - ADDED ENTRY--PERSONAL NAME
Personal name Fawzy, Samiha,
Dates associated with a name 1951-
9 (RLIN) 41120
906 ## - LOCAL DATA ELEMENT F, LDF (RLIN)
a 7
b cbc
c copycat
d 2
e ncip
f 20
g y-gencatlg
942 ## - ADDED ENTRY ELEMENTS (KOHA)
Source of classification or shelving scheme Library of Congress Classification
Koha item type Monograph ( Printed materials)
Holdings
Withdrawn status Lost status Source of classification or shelving scheme Damaged status Not for loan Collection code Home library Current library Shelving location Date acquired Total Checkouts Full call number Barcode Date last seen Price effective from Koha item type
    Library of Congress Classification     Main Collection ARRUPE LIBRARY ARRUPE LIBRARY Main Collection 28/03/2018   HF1414 .G572 2002 46600001948 30/04/2018 28/03/2018 Monograph ( Printed materials)

 

Arrupe Library. PO Box MP320 Mt Pleasant, Harare, Zimbabwe
263 242 745411|librarian@aju.ac.zw